书目信息 |
| 题名: |
网络预约出租汽车驾驶员从业资格考试全国公共科目培训教材
|
|
| 作者: | ;人民交通出版社股份有限公司 编 | |
| 分册: | ||
| 出版信息: | 北京 人民交通出版社 2016.12 |
|
| 页数: | 114页 | |
| 开本: | 26cm | |
| 丛书名: | ||
| 单 册: | ||
| 中图分类: | U469.120.9 | |
| 科图分类: | ||
| 主题词: | 出租汽车--驾驶员--资格考试--教材 | |
| 电子资源: | ||
| ISBN: | 978-7-114-13529-3 | |
| 000 | 01314nam0 2200253 450 | |
| 001 | 0400001538 | |
| 005 | 20171025144614.95 | |
| 010 | @a978-7-114-13529-3@dCNY30.00 | |
| 100 | @a20170328e20172016em y0chiy50 ea | |
| 101 | 0 | @achi |
| 102 | @aCN@b110000 | |
| 105 | @aa z 000yy | |
| 106 | @ar | |
| 200 | 1 | @a网络预约出租汽车驾驶员从业资格考试全国公共科目培训教材@9wang luo yu yue chu zu qi che jia shi yuan cong ye zi ge kao shi quan guo gong gong ke mu pei xun jiao cai@f人民交通出版社股份有限公司编 |
| 205 | @a第2版 | |
| 210 | @a北京@c人民交通出版社@d2016.12@h2017.1 | |
| 215 | @a114页@c彩图@d26cm | |
| 300 | @a中华人民共和国机动车驾驶员培训教材 | |
| 330 | @a本书共分为六章,以网络预约出租汽车驾驶员应知应会的知识为重点,突出了驾驶员能力的培养和素质的提升,包括网络预约出租汽车相关政策、法律法规,网络预约出租汽车驾驶员的社会责任与职业道德,网络预约出租汽车运营服务规范,网络预约出租汽车安全运营与治安防范,网络预约出租汽车及设施设备使用,网络预约出租汽车交通事故处理与应急救护等内容,书后附有网络预约出租汽车驾驶员从业资格考试全国公共科目模拟试题。 | |
| 606 | 0 | @a出租汽车@x驾驶员@x资格考试@j教材 |
| 690 | @aU469.120.9@v5 | |
| 711 | 02 | @a人民交通出版社股份有限公司@9ren min jiao tong chu ban she gu fen you xian gong si@4编 |
| 801 | 0 | @aCN@b91MARC@c20171018 |
| 905 | @b1021124-8@dU469.120.9@f5@e444=2 | |
| 网络预约出租汽车驾驶员从业资格考试全国公共科目培训教材/人民交通出版社股份有限公司编.-第2版.-北京:人民交通出版社,2016.12(2017.1) |
| 114页:彩图;26cm |
| 中华人民共和国机动车驾驶员培训教材 |
| ISBN 978-7-114-13529-3:CNY30.00 |
| 本书共分为六章,以网络预约出租汽车驾驶员应知应会的知识为重点,突出了驾驶员能力的培养和素质的提升,包括网络预约出租汽车相关政策、法律法规,网络预约出租汽车驾驶员的社会责任与职业道德,网络预约出租汽车运营服务规范,网络预约出租汽车安全运营与治安防范,网络预约出租汽车及设施设备使用,网络预约出租汽车交通事故处理与应急救护等内容,书后附有网络预约出租汽车驾驶员从业资格考试全国公共科目模拟试题。 |
| ● |
| 相关链接 |
|
|
|
|
正题名:网络预约出租汽车驾驶员从业资格考试全国公共科目培训教材
索取号:U469.120.9/444=2
 
预约/预借
| 序号 | 登录号 | 条形码 | 馆藏地/架位号 | 状态 | 备注 |
| 1 | 1021124 | 210211242 | 第二样本阅览室/ [索取号:U469.120.9/444=2] | 在馆 | |
| 2 | 1021125 | 210211251 | 密集书库-物理学院/ [索取号:U469.120.9/444=2] | 在馆 | |
| 3 | 1021126 | 210211260 | 第三借阅区/ [索取号:U469.120.9/444=2] | 在馆 | |
| 4 | 1021127 | 210211279 | 第三借阅区/ [索取号:U469.120.9/444=2] | 在馆 | |
| 5 | 1021128 | 210211288 | 第三借阅区/ [索取号:U469.120.9/444=2] | 在馆 |